| 000 | 00920cam a22003017a 4500 | ||
|---|---|---|---|
| 003 | CHAP | ||
| 005 | 20220329135000.0 | ||
| 008 | 971013s1954 r 00010 d | ||
| 010 | _a29039 | ||
| 011 | _a30011 | ||
| 035 | _a34122 | ||
| 040 | _cCHAP | ||
| 090 | _aFolleto 273 | ||
| 100 | 0 | 0 |
_aLeón, Luis L. _966227 |
| 245 | 1 | 4 | _aLos agrónomos y la política hidráulica de la revolución |
| 260 |
_aMéxico : _bAtenagro, _c1954 |
||
| 300 | _a13 p. | ||
| 590 |
_aBATCH-UPD _b10 _c20130110 _lUCH01 _h2048 |
||
| 590 |
_aBATCH-UPD _b10 _c20130410 _lUCH01 _h1401 |
||
| 590 |
_aBATCH-UPD _b10 _c20130914 _lUCH01 _h0422 |
||
| 590 |
_aBATCH-UPD _b10 _c20130914 _lUCH01 _h2116 |
||
| 590 |
_aCONVERSION _b10 _c20130109 _lUCH01 _h1317 |
||
| 650 | 1 | 4 |
_aIrrigación _xMéxico. _960433 |
| 710 | 0 |
_aAteneo Nacional Agronómico. México. _98218 |
|
| 901 | _aBK | ||
| 942 | _cFOLL | ||
| 949 |
_aFolleto 273 _bBC _cFOLL _d-79120 _eTS1 _i34122 _si |
||
| 999 |
_c29039 _d29039 |
||